00422 2200157 4500001002100000005001500021035002000036245007300056100002100129300001200150260004600162082000800208084001400216020002200230990001200252INLIS00000000000250820250604113246 a0010-06250000941 aSuper Modul KSN Komputer 4 :bBank Soal Komputer /cSabila Hadinnisa0 aSabila Hadinnisa a243 hlm aJakarta :bPT. Jakarta Sains Media,c2022 a600 a600 SAB s a978-623-6111-50-5 a0754863